000 01078naa a22003257a 4500
001 BR8106340
003 BR-BrBNA
005 20240918174951.0
007 ta
008 230509b bl.||||| |||| 00| 0 por d
040 _aBR-BrBNA
_bpor
_cBiblioteca Nacional de Agricultura
041 _a(Pt)
072 _aM40; M30
_b/G514
090 _aM40 BR8106340
100 1 _aFranca, V.C.
100 1 _aGurgel, J.J.S.
100 1 _aBraga, R.A.
245 1 _aExame biologico-pesqueiro do lago Israel Pinheiro (Brasilia, Brasil]
260 3 _aFortaleza, CE (Brasil):
_c1981.
500 _a2. Coletanea de trabalhos tecnicos. Pesca e piscicultura Fortaleza, CE (Brasil): 1981. p. 479-503 (BR8106340-AM)M40
650 _aLAGO
650 _aBACIA HIDROGRAFICA
650 _aANALISE QUIMICA
650 _aBIOLOGIA AQUATICA
650 _aBRASILIA
650 _aDISTRITO FEDERAL
773 0 _t2. Coletanea de trabalhos tecnicos. Pesca e piscicultura
_wM40 BR8106340
_gFortaleza, CE (Brasil), 1981. p. 479-503
909 _a202404
_bLucia
_c55
_dLucia Elande
942 _cAM
_2AGRIS
999 _c314408
_d314408